Universidad y sociedad en el medievo portugués

Gardado en:
Detalles Bibliográficos
Autor Principal: García y García, Antonio (Author)
Formato: Libro
Idioma:Lingua castelá
Publicado: Salamanca Universidad Pontificia de Salamanca 1996
Subjects:
Tags: Engadir etiqueta
Sen Etiquetas, Sexa o primeiro en etiquetar este rexistro!

MARC

LEADER 00000nam a2200000 a 4500
001 UCL3417
003 CL-VaPUC
008 031128e19960000SP |||||||||||||||||spa|d
082 0 4 |a 378.49469  |b GAR  |2 21 
100 |a García y García, Antonio  |e author  |9 620175 
245 1 0 |a Universidad y sociedad en el medievo portugués 
300 |a pág. irreg 
942 |c BK 
945 |d 20031128 00:00:00  |a rbrito 
260 |a Salamanca  |b Universidad Pontificia de Salamanca  |c 1996 
500 |a Separata de: Revista portuguesa de historia, t.31, v.1, 1996 
650 0 |a Educación superior   |9 223851 
650 0 |a Edad media  |9 258041 
651 7 |a PORTUGAL  |2 CL-VaPUC  |9 255007 
583 |a last modification  |c 20031128 00:00:00  |k Rodrigo Vera 
999 |c 306459  |d 306457 
952 |0 0  |1 0  |4 0  |6 378_494690000000000_GAR_1996  |7 0  |8 P  |9 371484  |a BIBDER  |b BIBDER  |d 2019-11-21  |i 3964523  |o 378.49469 GAR 1996  |p 3964523  |r 2023-01-25  |w 2019-11-21  |y BK  |k DER